000 00437cam a22001457a 4500
008 180718b1889 xxu||||| |||| 00| 0 eng d
082 _aB11x38 G939
100 _aGuhl, E.
245 _aThe life of the Greeks and Romans, described from antique monuments
_cby E. Guhl and W. Koner
260 _aLonodn
_bChatto & Windus
_c1889
300 _a620p.
650 _aCivilization, Roman
650 _aCivilization, Greek
700 _aKoner, W.
999 _c367077
_d367077